[Event "VII TCh-RUS w"]
[Site "Sochi RUS"]
[Date "2006.04.24"]
[Round "5"]
[White "Vasilevich,I"]
[Black "Stepovaia Dianchenko,T"]
[Result "0-1"]
[WhiteElo "2345"]
[BlackElo "2343"]
[EventDate "2006.04.20"]

1. c4 e5 2. Nc3 Nc6 3. g3 g6 4. Bg2 Bg7 5. e3 d6 6. d3 f5 7. Nge2 Nf6 8.
O-O O-O 9. Rb1 a5 10. a3 Ne7 11. Nd5 c6 12. Nxf6+ Bxf6 13. b4 axb4 14. axb4
Be6 15. Bb2 Qd7 16. Qc2 d5 17. d4 e4 18. c5 g5 19. Bc3 Ng6 20. Bd2 Bg7 21.
b5 f4 22. bxc6 bxc6 23. exf4 Bg4 24. Be3 Bxe2 25. Qxe2 gxf4 26. gxf4 Nxf4
27. Bxf4 Rxf4 28. Qe3 Raf8 29. Rb6 Qe6 30. Qg3 Kh8 31. Bh3 Qh6 32. Bd7 Bxd4
33. Rxc6 Rxf2 34. Rxh6 Rc2+ 35. Rf2 Bxf2+ 36. Qxf2 Rfxf2 0-1

[Event "VII TCh-RUS w"]
[Site "Sochi RUS"]
[Date "2006.04.24"]
[Round "5"]
[White "Dolgova,O"]
[Black "Mongontuul,B"]
[Result "1/2-1/2"]
[WhiteElo "2219"]
[BlackElo "2378"]
[EventDate "2006.04.20"]

1. d4 Nf6 2. Nf3 g6 3. Bf4 Bg7 4. e3 O-O 5. h3 d6 6. Be2 c5 7. c3 Nbd7 8.
O-O a6 9. a4 b6 10. Nbd2 Bb7 11. Qc2 Rc8 12. Rfd1 Qc7 13. Bh2 Qb8 14. Rac1
Qa8 15. Qb3 Bc6 16. Ra1 Qb7 17. c4 cxd4 18. exd4 d5 19. Ne5 Nxe5 20. dxe5
Nd7 21. Qe3 d4 22. Qxd4 Bxg2 23. Bg4 Bc6 24. b4 Rcd8 25. Qe3 h5 26. Be2 a5
27. bxa5 bxa5 28. Rab1 Qa8 29. e6 fxe6 30. Qxe6+ Kh7 31. Bd3 Rf6 32. Qe2
Kh8 33. Be4 Nc5 34. Bxc6 Qxc6 35. Nf1 Rdf8 36. Be5 Rxf2 37. Bxg7+ Kh7 38.
Qxf2 Rxf2 39. Kxf2 Kxg7 40. Kg1 Nxa4 41. Re1 Qc5+ 42. Kh1 Nc3 43. Rbc1 Qc6+
44. Kh2 Qf6 45. Ne3 Qf2+ 46. Ng2 Ne2 47. Rxe2 Qxe2 48. c5 Qe5+ 49. Kg1 a4
50. c6 Qc7 51. Kf2 a3 52. Ne3 a2 53. Ra1 Qxc6 54. Rxa2 Qe6 55. Ra7 Kf7 56.
h4 Qe4 57. Ra5 Qxh4+ 58. Kf3 Qf6+ 59. Kg2 Qb6 1/2-1/2

[Event "VII TCh-RUS w"]
[Site "Sochi RUS"]
[Date "2006.04.24"]
[Round "5"]
[White "Mkrtchian,L"]
[Black "Meshcheriakova,E"]
[Result "1-0"]
[WhiteElo "2453"]
[BlackElo "2203"]
[EventDate "2006.04.20"]

1. e4 c5 2. Nf3 a6 3. c3 e6 4. d4 d5 5. e5 Nc6 6. Bd3 Qb6 7. dxc5 Bxc5 8.
O-O Qc7 9. Bf4 Nge7 10. Bg3 Ng6 11. Re1 Bd7 12. Nbd2 Nce7 13. Nb3 Ba4 14.
h4 h6 15. h5 Nf8 16. Qd2 Bxb3 17. axb3 Nd7 18. b4 Ba7 19. Qf4 O-O 20. Qg4
Kh8 21. Bf4 Nc6 22. Qg3 Rfd8 23. Nh2 Bb8 24. Nf3 Ba7 25. Nh2 Bb8 26. Nf3
Ba7 27. Re2 d4 28. Rd1 Nb6 29. Bd2 dxc3 30. Bxc3 Rd5 31. Qg4 Nd7 32. Qe4
Nf8 33. Red2 Rad8 34. Bc4 Rxd2 35. Rxd2 Nd4 36. Bd3 Nxf3+ 37. Qxf3 Bd4 38.
Bc2 Bxc3 39. Rxd8 Qxd8 40. bxc3 Qc7 41. Qe3 b6 42. Qd4 Kg8 43. c4 Nd7 44.
f4 Kf8 45. Qd6+ Qxd6 46. exd6 Ke8 47. Kf2 Nf6 48. Ba4+ Kd8 49. Bc6 Nxh5 50.
Ke3 Ng3 51. c5 bxc5 52. bxc5 Nf5+ 53. Ke4 h5 54. Bb7 a5 55. Ke5 Ne3 56. Ba6
a4 57. c6 Nd5 58. f5 a3 59. fxe6 fxe6 60. Kxe6 Nc7+ 61. dxc7+ Kxc7 62. Bc4
Kxc6 63. Ba2 Kc5 64. Ke5 h4 65. Ke4 Kb4 66. Kf4 Kc3 67. Kg4 Kd4 68. Kxh4
Ke3 69. Kg3 g6 70. Be6 Ke2 71. Kf4 Kf2 72. g4 Kg2 73. g5 1-0

[Event "VII TCh-RUS w"]
[Site "Sochi RUS"]
[Date "2006.04.24"]
[Round "5"]
[White "Shumiakina,T"]
[Black "Andreeva,A"]
[Result "1-0"]
[WhiteElo "2341"]
[BlackElo "2028"]
[EventDate "2006.04.20"]

1. d4 e6 2. c4 Bb4+ 3. Bd2 a5 4. Nf3 f5 5. g3 b6 6. Bg2 Bb7 7. Nc3 Nf6 8.
O-O O-O 9. Rc1 d6 10. d5 Bxc3 11. Bxc3 e5 12. Ng5 Qe7 13. Ne6 Re8 14. f4
Ng4 15. Qd2 Na6 16. h3 Nf6 17. fxe5 dxe5 18. Rxf5 Bc8 19. Rxe5 Bxe6 20.
Rxe6 Qd7 21. Qg5 1-0

[Event "VII TCh-RUS w"]
[Site "Sochi RUS"]
[Date "2006.04.24"]
[Round "5"]
[White "Ovod,E"]
[Black "Skripchenko,A"]
[Result "0-1"]
[WhiteElo "2395"]
[BlackElo "2423"]
[EventDate "2006.04.20"]

1. d4 d5 2. c4 e6 3. Nc3 c6 4. Nf3 dxc4 5. a4 Bb4 6. e3 b5 7. Bd2 Qe7 8.
axb5 Bxc3 9. Bxc3 cxb5 10. d5 Nf6 11. d6 Qb7 12. b3 Nbd7 13. bxc4 b4 14.
Bxf6 gxf6 15. Ra5 Rb8 16. Nd4 a6 17. Nb3 Qc6 18. c5 Bb7 19. Nd4 Qd5 20. Qa4
b3 21. Qxb3 e5 22. Bc4 Qxg2 23. Bxf7+ Kf8 24. Qe6 Qxh1+ 25. Kd2 Be4 26.
Qe7+ Kg7 27. Nf5+ Bxf5 28. Bd5+ Kh6 29. Bxh1 Rb2+ 30. Kc3 Rc2+ 31. Kb3 Rb8+
32. Ka3 Rc1 33. Bd5 Ra1+ 34. Ba2 Bb1 35. Qe6 Rxa2+ 36. Qxa2 Bxa2 37. Kxa2
Rc8 38. Rxa6 Nxc5 39. Ra7 Rd8 40. Rc7 Na6 0-1

[Event "VII TCh-RUS w"]
[Site "Sochi RUS"]
[Date "2006.04.24"]
[Round "5"]
[White "Zaiatz,E"]
[Black "Molchanova,T"]
[Result "1/2-1/2"]
[WhiteElo "2417"]
[BlackElo "2312"]
[EventDate "2006.04.20"]

1. d4 Nf6 2. c4 e6 3. Nc3 Bb4 4. e3 Ne4 5. Qc2 Nxc3 6. bxc3 Ba5 7. Ba3 d6
8. Nf3 Nd7 9. O-O-O Qe7 10. e4 c5 11. e5 dxe5 12. Qa4 Bb6 13. dxe5 O-O 14.
Bd3 Nxe5 15. Nxe5 Qg5+ 16. Kb1 Qxe5 17. Qc2 g6 18. Rde1 Qg7 19. f4 Bd7 20.
h4 Bc6 21. h5 Rad8 22. Be4 Bxe4 23. Rxe4 Rd6 24. Bc1 Rfd8 25. Re3 Ba5 26.
a3 Qf6 27. g4 R8d7 28. Reh3 Bd8 29. Qe2 Be7 30. hxg6 Qxg6+ 31. Ka1 Rb6 32.
f5 exf5 33. g5 f4 34. Bxf4 Bf8 35. Be5 Re7 36. Qh2 Bg7 37. Bxg7 Qxg7 38.
Qb8+ Qf8 39. Qg3 Qg7 40. Qb8+ Qf8 41. Qg3 Qg7 42. Qb8+ 1/2-1/2

[Event "VII TCh-RUS w"]
[Site "Sochi RUS"]
[Date "2006.04.24"]
[Round "5"]
[White "Shaidullina,S"]
[Black "Dushenok,A"]
[Result "0-1"]
[WhiteElo "2293"]
[BlackElo "2168"]
[EventDate "2006.04.20"]

1. d4 Nf6 2. c4 c5 3. d5 d6 4. Nc3 g6 5. g3 Bg7 6. Bg2 O-O 7. Nf3 e6 8. O-O
exd5 9. cxd5 Na6 10. Nd2 Nc7 11. Nc4 Nfe8 12. a4 b6 13. Qc2 Na6 14. Bf4 g5
15. Bd2 Nb4 16. Qb3 h6 17. Nb5 a6 18. Nba3 a5 19. Bc3 Ba6 20. e4 Nc7 21.
Bxg7 Kxg7 22. Rfd1 Bxc4 23. Nxc4 b5 24. Ne3 bxa4 25. Nf5+ Kg6 26. Qc3 f6
27. g4 Rh8 28. Qg3 Ne8 29. Bf3 Qd7 30. Kg2 Rd8 31. Qh3 Ng7 32. e5 fxe5 33.
Be4 Kf7 34. Ra3 Nxf5 35. Rf3 Kg7 36. Bxf5 Qe8 37. Ra3 Rf8 38. Qc3 Rf6 39.
h4 gxh4 40. Qh3 Qf7 41. Qf3 h5 42. Rd2 Kf8 43. Qd1 hxg4 44. Bxg4 e4 45. f3
Re8 46. Re3 exf3+ 47. Rxf3 Rxf3 48. Qxf3 Qxf3+ 49. Kxf3 Re5 50. Be6 Ke7 51.
Bg8 Kf6 52. Rh2 Nxd5 53. Rd2 Ne7 54. Rxd6+ Kg5 55. Bh7 h3 56. Kg3 Nf5+ 57.
Bxf5 Kxf5 58. Kxh3 a3 59. bxa3 Re3+ 60. Kg2 Ke5 61. Rd8 Rxa3 62. Kf2 Ra4
63. Ra8 Kd4 64. Ke2 Kc3 65. Rh8 Rd4 66. Rh5 Kb4 67. Ke3 a4 68. Rh8 a3 69.
Rb8+ Kc4 70. Ra8 Kb3 71. Ra5 a2 72. Rxc5 a1=Q 0-1

[Event "VII TCh-RUS w"]
[Site "Sochi RUS"]
[Date "2006.04.25"]
[Round "6"]
[White "Bannikova,A"]
[Black "Dushenok,A"]
[Result "1/2-1/2"]
[WhiteElo "2157"]
[BlackElo "2168"]
[EventDate "2006.04.20"]

1. c4 c5 2. Nc3 Nc6 3. g3 g6 4. Bg2 Bg7 5. e4 d6 6. d3 e6 7. Nge2 Nge7 8.
Bg5 a6 9. Qd2 Nd4 10. O-O O-O 11. Bh6 Nec6 12. Bxg7 Kxg7 13. f4 Rb8 14.
Nxd4 cxd4 15. Ne2 e5 16. Rac1 f6 17. b4 Bd7 18. Qb2 b6 19. a3 Qe7 20. Rc2
Nd8 21. Nc1 Nb7 22. Nb3 Ba4 23. Bh3 Nc5 24. Nxc5 dxc5 25. Rcf2 b5 26. fxe5
Qxe5 27. Rc1 bxc4 28. Rxc4 cxb4 29. Rxb4 a5 30. Rb7+ Rxb7 31. Qxb7+ Rf7 32.
Qb6 Bb5 33. Bf1 Ba4 34. Bh3 Bb5 35. Bf1 Ba4 1/2-1/2

[Event "VII TCh-RUS w"]
[Site "Sochi RUS"]
[Date "2006.04.25"]
[Round "6"]
[White "Lupik,M"]
[Black "Deriabina,S"]
[Result "1-0"]
[WhiteElo "2204"]
[BlackElo "2101"]
[EventDate "2006.04.20"]

1. Nf3 d5 2. d4 Nf6 3. c4 e6 4. Nc3 Nbd7 5. Bg5 c6 6. e3 Qa5 7. Bxf6 Nxf6
8. Bd3 Bb4 9. Qb3 dxc4 10. Bxc4 O-O 11. O-O Bd6 12. e4 e5 13. Rfe1 Bg4 14.
Nxe5 Bxe5 15. dxe5 Qxe5 16. Qxb7 Rab8 17. Qxa7 Rxb2 18. Qe3 Rd8 19. Rab1
Rc2 20. Rec1 Rcd2 21. Bd5 Rd4 22. Bxc6 Rd3 23. Qe1 Rc8 24. Nd5 Nxe4 25. Nb6
Rxc6 26. Rxc6 h5 27. Rc4 Bf3 28. gxf3 Qg5+ 29. Kh1 Nd2 30. Qe8+ Kh7 31. Rb5
Qg6 32. Rc8 Qf6 33. Qh8+ 1-0

[Event "VII TCh-RUS w"]
[Site "Sochi RUS"]
[Date "2006.04.25"]
[Round "6"]
[White "Kovalevskaya,E"]
[Black "Skripchenko,A"]
[Result "1-0"]
[WhiteElo "2460"]
[BlackElo "2423"]
[EventDate "2006.04.20"]

1. c4 e5 2. Nc3 Nc6 3. Nf3 f5 4. d4 e4 5. Ng5 Nf6 6. e3 d6 7. Be2 g6 8. h4
h6 9. Nh3 Ne7 10. Nf4 c6 11. b3 Bg7 12. Qc2 O-O 13. Bb2 Bd7 14. O-O-O b5
15. Kb1 Qb8 16. f3 a5 17. cxb5 cxb5 18. g4 Rc8 19. g5 hxg5 20. hxg5 Nfd5
21. Ncxd5 Rxc2 22. Nxe7+ Kf7 23. Kxc2 Kxe7 24. Rh7 Kf7 25. d5 Qc7+ 26. Kb1
Rg8 27. fxe4 Qc8 28. Rc1 Qd8 29. Ne6 Bxe6 30. dxe6+ Kxe6 31. Bxg7 Qxg5 32.
Bxb5 fxe4 33. Bd7+ Kd5 34. Rd1+ Kc5 35. Bd4+ Kb4 36. Rh2 Qe7 37. Ba4 Ka3
38. Bb2+ Kb4 39. Rc2 1-0

[Event "VII TCh-RUS w"]
[Site "Sochi RUS"]
[Date "2006.04.25"]
[Round "6"]
[White "Zaiatz,E"]
[Black "Lahno,Kateri"]
[Result "1/2-1/2"]
[WhiteElo "2417"]
[BlackElo "2468"]
[EventDate "2006.04.20"]

1. d4 Nf6 2. c4 e6 3. Nc3 Bb4 4. Qc2 d5 5. cxd5 exd5 6. Bg5 c5 7. dxc5 h6
8. Bxf6 Qxf6 9. e3 Be6 10. Rd1 O-O 11. Nge2 Rc8 12. g3 Qf3 13. Rg1 Nd7 14.
Nf4 Bxc3+ 15. bxc3 Nxc5 16. Bg2 Qg4 17. h4 Bf5 18. Qb2 Na4 19. Qb3 Nxc3 20.
Ra1 Ne4 21. Qb2 Nc5 22. Qd2 Be6 23. Bh3 Qf3 24. Bg2 Qg4 25. Bh3 1/2-1/2

[Event "VII TCh-RUS w"]
[Site "Sochi RUS"]
[Date "2006.04.25"]
[Round "6"]
[White "Mkrtchian,L"]
[Black "Chistiakova,T"]
[Result "1-0"]
[WhiteElo "2453"]
[BlackElo "2351"]
[EventDate "2006.04.20"]

1. e4 c5 2. Nf3 d6 3. d4 Nf6 4. Nc3 cxd4 5. Nxd4 Nc6 6. f3 e6 7. Be3 Be7 8.
Qd2 O-O 9. O-O-O d5 10. exd5 Nxd5 11. Nxd5 Qxd5 12. Nxc6 Qxc6 13. Bd3 Rd8
14. Kb1 Bd7 15. h4 Qa4 16. Qe2 a6 17. Bg5 Re8 18. Bxh7+ Kxh7 19. Qd3+ Kg8
20. Qxd7 Qxd7 21. Rxd7 Bxg5 22. hxg5 Red8 23. Rhd1 Rxd7 24. Rxd7 b5 25. c3
Kf8 26. Kc2 Ke8 27. Rb7 g6 28. f4 Rc8 29. g3 Rc5 30. Ra7 e5 31. Rxa6 b4 32.
Kd3 e4+ 33. Kxe4 bxc3 34. bxc3 Rxc3 35. g4 Rg3 36. a4 Rxg4 37. Ke5 Kf8 38.
a5 Kg7 39. Rb6 Rg1 40. a6 Ra1 41. Kd5 Ra4 42. Kc6 f5 43. Rb7+ Kf8 44. a7
1-0

[Event "VII TCh-RUS w"]
[Site "Sochi RUS"]
[Date "2006.04.25"]
[Round "6"]
[White "Shaidullina,S"]
[Black "Shumiakina,T"]
[Result "1/2-1/2"]
[WhiteElo "2293"]
[BlackElo "2341"]
[EventDate "2006.04.20"]

1. d4 Nf6 2. c4 e6 3. Nf3 d5 4. Nc3 dxc4 5. e3 a6 6. Bxc4 b5 7. Bd3 c5 8.
O-O Bb7 9. Qe2 Nbd7 10. Rd1 Qc7 11. e4 cxd4 12. Nxd4 Bc5 13. Be3 O-O 14.
Rac1 Qb8 15. Bb1 Rd8 16. h3 Bd6 17. a3 Nc5 18. b4 Ncd7 19. Nb3 Rc8 20. Bd4
Bh2+ 21. Kh1 Bf4 22. Rc2 Be5 23. Na5 Bxd4 24. Rxd4 Ne5 25. f4 Nc6 26. Nxc6
Bxc6 27. e5 Nd5 28. Qd3 Nxc3 29. Rxc3 g6 30. Rd6 Qb7 31. Kh2 Bxg2 32. Rxc8+
Rxc8 33. Rd8+ Rxd8 34. Qxd8+ Kg7 35. Qf6+ Kg8 36. Qd8+ Kg7 37. Qf6+ Kg8 38.
Qd8+ Kg7 39. Qf6+ Kg8 1/2-1/2

[Event "VII TCh-RUS w"]
[Site "Sochi RUS"]
[Date "2006.04.25"]
[Round "6"]
[White "Bronnikova,E"]
[Black "Ovod,E"]
[Result "1/2-1/2"]
[WhiteElo "2271"]
[BlackElo "2395"]
[EventDate "2006.04.20"]

1. e4 e5 2. Nf3 Nc6 3. Bb5 Bc5 4. O-O Nd4 5. Nxd4 Bxd4 6. c3 Bb6 7. d4 c6
8. Bc4 d6 9. Qd3 Nf6 10. Bg5 h6 11. Bh4 g5 12. Bg3 Qe7 13. f3 Nh5 14. Bf2
Nf4 15. Qd2 Be6 16. Bxe6 Qxe6 17. dxe5 dxe5 18. Bxb6 axb6 19. Qe3 b5 20. g3
Ng6 21. a3 Qb3 22. Qc1 Qc4 23. Qe3 Qb3 24. Qc1 Rd8 25. Nd2 Qa4 26. Rf2 Rd3
27. Qd1 Qxd1+ 28. Rxd1 Ke7 29. Re1 h5 30. Nf1 Ke6 31. Ree2 h4 32. Rd2 Rhd8
33. Kg2 hxg3 34. hxg3 Rxd2 35. Rxd2 Rxd2+ 36. Nxd2 Nf8 37. Kf2 1/2-1/2

[Event "VII TCh-RUS w"]
[Site "Sochi RUS"]
[Date "2006.04.25"]
[Round "6"]
[White "Molchanova,T"]
[Black "Severiukhina,Z"]
[Result "1-0"]
[WhiteElo "2312"]
[BlackElo "2189"]
[EventDate "2006.04.20"]

1. d4 Nf6 2. c4 c5 3. d5 e5 4. Qa4 Be7 5. Nf3 Qc7 6. Nc3 Na6 7. Bg5 O-O 8.
Nb5 Qb6 9. Nxe5 Nxd5 10. Bxe7 Nxe7 11. O-O-O Qf6 12. Nf3 d5 13. cxd5 Nb4
14. Nc3 Rd8 15. e4 Bd7 16. Bb5 Bg4 17. Be2 b5 18. Qa5 Qf4+ 19. Rd2 a6 20.
Rhd1 Bxf3 21. gxf3 f5 22. a3 fxe4 23. fxe4 Nec6 24. dxc6 Nxc6 25. Qb6 Rxd2
26. Rxd2 Nd4 27. Bd1 Qg5 28. h4 1-0

[Event "VII TCh-RUS w"]
[Site "Sochi RUS"]
[Date "2006.04.25"]
[Round "6"]
[White "Turova,I"]
[Black "Dolgova,O"]
[Result "1/2-1/2"]
[WhiteElo "2362"]
[BlackElo "2219"]
[EventDate "2006.04.20"]

1. d4 Nf6 2. c4 c5 3. d5 e6 4. Nc3 exd5 5. cxd5 d6 6. Nf3 g6 7. Bf4 Bg7 8.
Qa4+ Bd7 9. Qb3 Qc7 10. e4 Nh5 11. Be3 O-O 12. Nd2 Re8 13. Be2 Nf6 14. Bf4
Bf8 15. O-O a6 16. a4 Bc8 17. Rfe1 Nbd7 18. h3 Rb8 19. Bh2 Nb6 20. f4 Nfd7
21. Rad1 Bg7 22. Kh1 h6 23. Bf1 c4 24. Qc2 Nc5 25. a5 Nbd7 26. Nxc4 b5 27.
axb6 Nxb6 28. Nxb6 Qxb6 29. Na4 Qb3 30. Qxb3 Nxb3 31. e5 Bd7 32. Nc3 Nc5
33. Bg1 Rxb2 34. Bxc5 dxc5 35. Bxa6 g5 36. Ne4 gxf4 37. Nxc5 Bf5 38. Bd3
Bc8 39. e6 fxe6 40. Bg6 Rd8 41. dxe6 Rxd1 42. Bf7+ Kh7 43. Rxd1 Re2 44. Rb1
Bf8 45. Nd3 Bxe6 46. Nxf4 Bf5 47. Rf1 Re5 48. Nh5 Be7 49. Bb3 Bg6 50. Nf4
Bg5 51. Ne6 Be7 52. Rd1 Be8 53. Rc1 Bd6 54. Nd4 Bg6 55. Nf3 Re7 56. Rd1 Bc7
57. Rc1 Bh5 58. Nd4 Bg3 59. Bc2+ Bg6 1/2-1/2

[Event "VII TCh-RUS w"]
[Site "Sochi RUS"]
[Date "2006.04.25"]
[Round "6"]
[White "Korbut,E"]
[Black "Meleshko,Ann"]
[Result "1-0"]
[WhiteElo "2442"]
[BlackElo "2227"]
[EventDate "2006.04.20"]

1. e4 e5 2. Nf3 Nf6 3. Nxe5 d6 4. Nf3 Nxe4 5. d4 d5 6. Bd3 Bd6 7. O-O O-O
8. Re1 Bg4 9. c4 c6 10. Bxe4 dxe4 11. Rxe4 f5 12. Re6 Bc7 13. d5 Bxf3 14.
Qxf3 Qh4 15. h3 Qxc4 16. Nc3 Ba5 17. Bd2 cxd5 18. b3 Qd4 19. Rd1 Nc6 20.
Be1 Qb6 21. Nxd5 Nd4 22. Rxd4 Qxe6 23. Bxa5 b6 24. Bb4 Rfd8 25. Qd3 Kf7 26.
Nc7 Qf6 27. Rd7+ 1-0

[Event "VII TCh-RUS w"]
[Site "Sochi RUS"]
[Date "2006.04.25"]
[Round "6"]
[White "Kovanova,B"]
[Black "Gromova,I"]
[Result "0-1"]
[WhiteElo "2307"]
[BlackElo "2195"]
[EventDate "2006.04.20"]

1. e4 c6 2. Nc3 d5 3. Nf3 Bg4 4. Be2 e6 5. O-O Nf6 6. e5 Nfd7 7. d4 Be7 8.
Be3 c5 9. Nd2 cxd4 10. Bxd4 Bxe2 11. Nxe2 Nc6 12. f4 Nxd4 13. Nxd4 g6 14.
Kh1 Qb6 15. N2b3 h5 16. a4 a6 17. a5 Qa7 18. Qd3 Nc5 19. Nxc5 Qxc5 20. Rad1
Qc8 21. Qg3 Bc5 22. Ne2 Qc7 23. c4 dxc4 24. f5 h4 25. Qg4 gxf5 26. Qg7 Rf8
27. Nf4 Be7 28. Nh5 Rd8 29. Qh6 Rd7 30. Qf4 h3 31. Qf3 hxg2+ 32. Qxg2 Qc6
33. Qxc6 bxc6 34. Rc1 Rh8 35. Nf4 Rd4 36. b3 Bg5 37. Rxc4 Rxc4 38. bxc4 Rh4
39. Nd3 Rxc4 40. Rb1 Ra4 41. Rb8+ Ke7 42. Nb4 c5 43. Nc6+ Kd7 44. Rb6 c4
45. Nb8+ Ke8 46. Rc6 Kf8 47. Nxa6 Rxa5 48. Nb8 Ra1+ 49. Kg2 Rc1 50. Na6 Bf4
51. Nc5 Kg7 52. Nd7 c3 53. Rc4 c2 54. Nc5 Bxe5 55. h4 Bd4 0-1

[Event "VII TCh-RUS w"]
[Site "Sochi RUS"]
[Date "2006.04.25"]
[Round "6"]
[White "Semenova,Ir"]
[Black "Shadrina,T"]
[Result "0-1"]
[WhiteElo "2240"]
[BlackElo "2371"]
[EventDate "2006.04.20"]

1. e4 c5 2. Nf3 e6 3. d4 cxd4 4. Nxd4 Nf6 5. Nc3 d6 6. Be3 a6 7. f4 Qc7 8.
Qf3 b5 9. a3 Nbd7 10. Bd3 Bb7 11. O-O g6 12. Rae1 Bg7 13. Kh1 O-O 14. Qh3
Rae8 15. Qh4 e5 16. fxe5 dxe5 17. Nde2 Nh5 18. Ng3 Nxg3+ 19. Qxg3 Nc5 20.
Bg5 f6 21. Bc1 Rd8 22. Rd1 Rd6 23. Be3 Rfd8 24. Bxc5 Qxc5 25. Rde1 Bc6 26.
Nd1 Qd4 27. h3 Kh8 28. Qg4 Bh6 29. Rf2 Bf4 30. g3 f5 31. Qf3 fxe4 0-1

[Event "VII TCh-RUS w"]
[Site "Sochi RUS"]
[Date "2006.04.25"]
[Round "6"]
[White "Zemlianukhina,V"]
[Black "Fenina,T"]
[Result "1-0"]
[WhiteElo "2063"]
[BlackElo "2078"]
[EventDate "2006.04.20"]

1. e4 c5 2. Nf3 e6 3. d3 Nc6 4. g3 g6 5. Bg2 Bg7 6. O-O Nge7 7. c3 e5 8.
Be3 d6 9. Qd2 O-O 10. Bh6 f5 11. Bxg7 Kxg7 12. h3 fxe4 13. dxe4 Bxh3 14.
Bxh3 Rxf3 15. Na3 Rf6 16. Rad1 a6 17. Nc4 Qc7 18. Ne3 Rd8 19. Ng4 Rff8 20.
Qh6+ Kh8 21. Nh2 Ng8 22. Qe3 Qe7 23. Nf3 h6 24. Nh4 Kh7 25. Kg2 Nf6 26. Rh1
Qg7 27. Be6 Ne7 28. Nf3 Nh5 29. Rh2 Ng8 30. b4 Qe7 31. Bh3 Ngf6 32. Rhh1 b6
33. Nh2 g5 34. Ng4 Nxg4 35. Bxg4 Nf6 36. Qxg5 Qg7 37. Rxh6+ Qxh6 38. Bf5+
1-0

[Event "VII TCh-RUS w"]
[Site "Sochi RUS"]
[Date "2006.04.25"]
[Round "6"]
[White "Nikolaeva,A2"]
[Black "Andreeva,A"]
[Result "1/2-1/2"]
[WhiteElo "2020"]
[BlackElo "2028"]
[EventDate "2006.04.20"]

1. e4 e6 2. d4 d5 3. e5 c5 4. c3 Qb6 5. Nf3 Nc6 6. a3 c4 7. Be2 Na5 8. Nbd2
Bd7 9. O-O Ne7 10. Re1 Ng6 11. Nf1 Nb3 12. Rb1 Be7 13. Ng5 f6 14. exf6 gxf6
15. Nh3 O-O-O 16. Nf4 Bd6 17. Nh5 Rhf8 18. Bh6 Rf7 19. Bg4 Qc6 20. Bg7 f5
21. Bh3 Rg8 22. Bh6 Qc7 23. Kh1 Nf4 1/2-1/2

[Event "VII TCh-RUS w"]
[Site "Sochi RUS"]
[Date "2006.04.26"]
[Round "7"]
[White "Chistiakova,T"]
[Black "Bannikova,A"]
[Result "1/2-1/2"]
[WhiteElo "2351"]
[BlackElo "2157"]
[EventDate "2006.04.20"]

1. d4 d5 2. Bf4 Nf6 3. e3 g6 4. Nf3 Bg7 5. Bd3 O-O 6. Nbd2 c5 7. O-O Nc6 8.
c3 Nh5 9. Bg5 Qc7 10. Be2 f5 11. c4 dxc4 12. d5 Nd8 13. Nxc4 Nf7 14. Bh4 b5
15. Ncd2 Nd6 16. Ng5 Nf6 17. Rc1 h6 18. Ne6 Bxe6 19. dxe6 Nfe4 20. Nxe4
Nxe4 21. Bxb5 g5 22. Bg3 Qb6 23. Bd7 Qxb2 24. Rc2 Qb4 25. Qd3 Nxg3 26. hxg3
Rab8 27. Qd5 Rb6 28. Qxc5 Qxc5 29. Rxc5 f4 30. gxf4 gxf4 31. Ra5 Rb7 32.
Bc6 Rc7 33. Be4 fxe3 34. fxe3 Rxf1+ 35. Kxf1 Bc3 36. Rd5 Kg7 37. Rf5 Bf6
38. Ke2 Rc3 39. Ra5 Bg5 40. Bd3 Rc7 41. Rf5 Bf6 42. Rd5 Rc6 43. Rd7 Rxe6
44. Rxa7 Bd4 45. Ra4 Rxe3+ 46. Kd2 e5 47. Ra8 Kf6 48. Ra6+ Kg5 49. Rg6+ Kh5
50. Rg8 Kh4 51. Rg6 h5 52. a4 Rg3 53. Rxg3 1/2-1/2

[Event "VII TCh-RUS w"]
[Site "Sochi RUS"]
[Date "2006.04.26"]
[Round "7"]
[White "Korbut,E"]
[Black "Kosintseva,N"]
[Result "1/2-1/2"]
[WhiteElo "2442"]
[BlackElo "2469"]
[EventDate "2006.04.20"]

1. e4 c5 2. Nf3 Nc6 3. d4 cxd4 4. Nxd4 Nf6 5. Nc3 e5 6. Ndb5 d6 7. Bg5 a6
8. Na3 b5 9. Nd5 Be7 10. Bxf6 Bxf6 11. c3 O-O 12. Nc2 Bg5 13. a4 bxa4 14.
Rxa4 a5 15. Bc4 Rb8 16. Ra2 Kh8 17. Nce3 Be6 18. Qd3 Ne7 19. O-O Nxd5 20.
Nxd5 f5 21. b3 Bxd5 22. Qxd5 fxe4 23. Qxe4 Qb6 24. g3 Bd8 25. Rd1 Bc7 26.
Rd5 Qb7 27. Qh4 Rf6 28. Rb5 Qc8 29. Rxb8 Qxb8 30. Bd3 Qg8 31. b4 d5 32.
bxa5 e4 33. Bc2 Bb8 34. Bb3 Ba7 35. Qh5 Qf8 36. Kg2 Rxf2+ 37. Rxf2 Qxf2+
38. Kh3 Qf1+ 39. Kh4 Qf6+ 40. Qg5 e3 41. Qxf6 gxf6 42. Bd1 Kg7 43. Kg4 Kf7
44. Kf5 Ke7 45. Bg4 Bc5 46. a6 Ba7 47. Be2 Bb6 48. g4 Kf7 49. h4 h6 50. Bf3
d4 51. cxd4 Bxd4 52. h5 Ba7 53. Be2 Bb6 54. Bc4+ Kg7 55. Ke6 Ba7 56. Bd3
Bb6 1/2-1/2

[Event "VII TCh-RUS w"]
[Site "Sochi RUS"]
[Date "2006.04.26"]
[Round "7"]
[White "Skripchenko,A"]
[Black "Bronnikova,E"]
[Result "1/2-1/2"]
[WhiteElo "2423"]
[BlackElo "2271"]
[EventDate "2006.04.20"]

1. e4 d6 2. d4 Nf6 3. Nc3 g6 4. Be3 c6 5. Qd2 b5 6. Bd3 Bg7 7. Nf3 Qc7 8.
Bh6 Bxh6 9. Qxh6 Nbd7 10. O-O Bb7 11. Rfe1 e5 12. dxe5 dxe5 13. a4 a6 14.
Ng5 Qd6 15. Red1 Qf8 16. Qh3 Qe7 17. axb5 cxb5 18. Nxb5 axb5 19. Rxa8+ Bxa8
20. Bxb5 h5 21. c4 O-O 22. Bxd7 Nxd7 23. Qxd7 Qxg5 24. Qd3 f5 25. c5 Bxe4
26. Qb3+ Kh8 27. f3 Bc6 28. Qc3 Qe7 29. f4 Kh7 30. Rd6 Rc8 31. fxe5 Qg5 32.
g3 Qg4 33. Qb3 Kg7 34. Rxc6 Rxc6 35. Qb7+ Kh6 36. Qxc6 Qd1+ 37. Kf2 Qd2+
38. Kg1 Qe1+ 39. Kg2 Qe2+ 1/2-1/2

[Event "VII TCh-RUS w"]
[Site "Sochi RUS"]
[Date "2006.04.26"]
[Round "7"]
[White "Severiukhina,Z"]
[Black "Zaiatz,E"]
[Result "1-0"]
[WhiteElo "2189"]
[BlackElo "2417"]
[EventDate "2006.04.20"]

1. e4 e5 2. Nf3 Nc6 3. Bb5 Nf6 4. O-O Nxe4 5. d4 Nd6 6. Bxc6 dxc6 7. dxe5
Nf5 8. Qxd8+ Kxd8 9. Nc3 Be6 10. Ng5 Ke7 11. f4 Bc4 12. Rd1 h6 13. Nf3 Ke8
14. g4 Ne7 15. Kg2 f5 16. exf6 gxf6 17. b3 Bd5 18. Nxd5 cxd5 19. Bb2 Rg8
20. h3 Kf7 21. Nd4 a6 22. Ba3 Ng6 23. Bxf8 Rgxf8 24. f5 Ne7 25. Ne6 Rfc8
26. c4 c6 27. Re1 Rh8 28. Re2 Rag8 29. Kf2 h5 30. Rae1 Nc8 31. Nf4 hxg4 32.
Ng6 Rxg6 33. fxg6+ Kxg6 34. hxg4 Nd6 35. cxd5 cxd5 36. Re7 Rh2+ 37. Kf3
Rxa2 38. Rd7 Nf7 39. Rxd5 Rb2 40. Re3 Ne5+ 41. Kg3 Rb1 42. Rd8 Rg1+ 43. Kh3
Rh1+ 44. Kg2 Rb1 45. Rg8+ Kf7 46. Rb8 b5 47. g5 Nd7 48. Rb7 Rd1 49. Rf3 Kg6
50. gxf6 Rd2+ 51. Rf2 Rxf2+ 52. Kxf2 Nxf6 53. Rb6 Kf5 54. Rxa6 Nd5 55. Ra5
Nc7 56. Ke3 Ke5 57. Ra7 Kd6 58. Kd4 Kc6 59. Ra1 Ne6+ 60. Ke5 Nc5 61. Rc1
Kb6 62. Rc3 b4 63. Rh3 Nxb3 64. Rxb3 Kc5 65. Rb1 Kc4 66. Ke4 Kc3 67. Ke3 b3
68. Rc1+ Kb4 69. Kd3 b2 70. Rb1 Kb3 71. Kd2 1-0

[Event "VII TCh-RUS w"]
[Site "Sochi RUS"]
[Date "2006.04.26"]
[Round "7"]
[White "Deriabina,S"]
[Black "Shaidullina,S"]
[Result "1-0"]
[WhiteElo "2101"]
[BlackElo "2293"]
[EventDate "2006.04.20"]

1. e4 c5 2. c3 d5 3. exd5 Qxd5 4. d4 g6 5. Nf3 Bg7 6. Na3 Nf6 7. Bc4 Qe4+
8. Be3 O-O 9. O-O cxd4 10. Bxd4 Nc6 11. Re1 Qf5 12. Nb5 Rd8 13. Qb3 e6 14.
Rad1 a6 15. Nc7 Na5 16. Bd3 Nxb3 17. Bxf5 Nxd4 18. Nxa8 gxf5 19. Rxd4 Nd5
20. Rdd1 b5 21. Nb6 Bb7 22. a4 Rb8 23. Nd7 Rc8 24. axb5 axb5 25. Ra1 Nf4
26. Ra7 Be4 27. Nde5 f6 28. Nf7 Bf8 29. Rd7 Nd3 30. Ra1 Nc5 31. Rd8 Rxd8
32. Nxd8 Be7 33. b4 Nb3 34. Ra3 Bxd8 35. Rxb3 e5 36. Ra3 Kf7 37. Nd2 Bd5
38. Ra7+ Be7 39. Rc7 Ke6 40. Rc8 e4 41. g3 Bd6 42. Rh8 f4 43. Nf1 Be5 44.
gxf4 Bxc3 45. Ne3 Bc6 46. f5+ Kd6 47. Nc2 Bd7 48. Rxh7 Bxf5 49. Rb7 Kc6 50.
Rb8 Be5 51. Rf8 Bh3 52. Rh8 Be6 53. h4 f5 54. Ra8 f4 55. h5 Bb3 56. Re8 Bb2
57. h6 e3 58. fxe3 fxe3 59. Nxe3 Kd7 60. Rb8 Bd4 61. Kf2 Kc7 62. Rf8 Bc2
63. h7 Bxh7 64. Rf7+ Kd6 65. Rxh7 Ke5 66. Rh5+ Ke4 67. Rxb5 Bxe3+ 68. Ke2
Bf4 69. Rc5 Kd4 70. Rc8 Bd6 71. b5 Bc5 72. Rc6 Kd5 73. Kd3 Ba7 74. Kc3 Bf2
75. Kb4 Be1+ 76. Ka4 Bd2 77. Rc2 Be3 78. Ka5 Kd6 79. b6 Kd7 80. b7 Bf4 81.
Rc8 Bc7+ 82. Ka6 1-0

[Event "VII TCh-RUS w"]
[Site "Sochi RUS"]
[Date "2006.04.26"]
[Round "7"]
[White "Vasilevich,I"]
[Black "Semenova,Ir"]
[Result "1-0"]
[WhiteElo "2345"]
[BlackElo "2240"]
[EventDate "2006.04.20"]

1. c4 g6 2. g3 Bg7 3. Bg2 Nc6 4. Nc3 e5 5. Rb1 a5 6. d3 d6 7. e3 f5 8. Nge2
Nf6 9. b3 O-O 10. Bb2 Ne7 11. O-O g5 12. f4 gxf4 13. exf4 c6 14. Qd2 Be6
15. Rbe1 Ng6 16. Nd1 Bd7 17. Ba3 Qb6+ 18. Kh1 c5 19. Ne3 exf4 20. Nxf4 Rae8
21. Ned5 Nxd5 22. Bxd5+ Kh8 23. Bb2 Nxf4 24. Bxg7+ Kxg7 25. gxf4 Rxe1 26.
Rxe1 Qd8 27. Rg1+ 1-0